000
00288nam a2200121Ia 4500
005
20251222144839.0
008
251222s9999||||xx |||||||||||||| ||spa||
020
_a
978-9972-244-82-7
082
_a
985.077/J24
100
_a
"Jara, Humberto"
245
0
_a
Secretos del tĂșnel
942
_c
LIB
999
_c
21143
_d
21143